00975cam a2200289 i 4500999001500000001000600015003000900021005001700030008004100047020001800088020001500106040003800121082001800159100002100177245006900198260003800267300002500305490002200330504003000352600005300382650003500435650002100470700002100491906004500512942001200557952011600569 c3886d388615459BD-DhUAP20200315102615.0770531s1977 enk b 000 0 eng  a9780140422078 a0140422072 aBD-DhUAPcBD-DhUAPdBD-DhUAPbEng00a821.3 SPE2231 aSpenser, Edmund.14aThe faerie queene /cEdmund Spenser ; edited by Thomas P. Roche. aLondon ;bPenguin Books, cc1987. a1246 pages ;c20 cm. aPenguin classics. aBibliography: p. 745-753. aSpenser, Edmund, -- 1552?-1599. -- Faerie queene 0aKnights and knighthoodvPoetry 0aVirtuesvPoetry. aRoche, Thomas P. a7bcbccorignewd1eocipf19gy-gencatlg 2ddccBK 00102ddc4070aUAPCLbUAPCLcGeneral Stacksd2020-03-15o821.3 SPEp3010015459r2020-03-15t1w2020-03-15yBK